000 00316nam a22001337a 4500
008 170331b xxu||||| |||| 00| 0 eng d
020 _a0839118716
041 _aeng
080 _a616-053.2
100 _a8
101 _aSHM
245 _aNORMAL AND DISORDERED PHONOLOGY IN CHILDREN
_cGAMMON, C.S
942 _2udc
_cBK
999 _c9248
_d9248